Central Library OPAC University of Rajshahi

St. Thomas More : (Record no. 22889)

MARC details
000 -LEADER
fixed length control field 00864nam a2200265 a 4500
001 - CONTROL NUMBER
control field 22889
003 - CONTROL NUMBER IDENTIFIER
rucl marc code BD-RjUL
005 - DATE AND TIME OF LATEST TRANSACTION
control field 20211209000851.0
008 - FIXED-LENGTH DATA ELEMENTS--GENERAL INFORMATION
fixed length control field 140309s1961 ctuc 001 0 eng
035 ## - SYSTEM CONTROL NUMBER
System control number 01-944//r843
System control number (BD-RjUL)22954
-- (OCoLC)221224767
040 ## - CATALOGING SOURCE
Original cataloging agency DLC
Transcribing agency DLC
Modifying agency BD-RjUL
Language of cataloging eng
041 ## - LANGUAGE CODE
Language code of text/sound track or separate title eng
082 ## - DEWEY DECIMAL CLASSIFICATION NUMBER
Classification number 942.0520924
Author mark and year MOS 1961
100 1# - MAIN ENTRY--PERSONAL NAME
Personal name More, Thomas
9 (RLIN) 70581
245 10 - TITLE STATEMENT
Title St. Thomas More :
Remainder of title selected letters /
Statement of responsibility, etc. Thomas More, edited by Elizabeth Frances Rogers.
260 ## - PUBLICATION, DISTRIBUTION, ETC. (IMPRINT)
Place of publication, distribution, etc. New Haven :
Name of publisher, distributor, etc. Yale University Press,
Date of publication, distribution, etc. c1961
300 ## - PHYSICAL DESCRIPTION
Pagination xxiii, 271 p. :
Illustrations ill.,port ;
Size 22 cm
504 ## - BIBLIOGRAPHY, ETC. NOTE
Bibliography, etc Includes index.
600 ## - SUBJECT ADDED ENTRY--PERSONAL NAME
Personal name More, Thomas, - Sir, Saint, - 1478-1535 - Congresses.
700 1# - ADDED ENTRY--PERSONAL NAME
Personal name Rogers, Elizabeth Frances
Dates associated with a name 1892-1974
942 ## - ADDED ENTRY ELEMENTS (KOHA)
Source of classification or shelving scheme Dewey Decimal Classification
Koha item type Books
Holdings
Lost status Source of classification or shelving scheme Damaged status Not for loan Collection code Permanent Location Current Location Shelving location Date acquired Source of acquisition Cost, normal purchase price Total Checkouts Full call number Date last seen Copy number Koha item type
  Dewey Decimal Classification   Added to bundle Non-fiction Central Library, University of Rajshahi Central Library, University of Rajshahi Reading Room 10/04/1964 Zetlinger 48.00   942.0520924 MOS 1961 09/03/2014 C-1 Books